Komunikácia ako nástroj marketingového mixu v podniku - návrhy na využitie nových prístupov v marketingovej komunikácii spoločnosti Víno Matyšák, s.r.o. diplomová práca

Saved in:
Bibliographic Details
Main Author: Ptašinská, Mária
Corporate Author: Obchodná fakulta EU. Katedra služieb a cestovného ruchu - zrušené
Other Authors: Pavlík, Adrián
Format: Book
Language:Slovak
Published: Bratislava 2008
Tags: Add Tag
No Tags, Be the first to tag this record!

MARC

LEADER 00000nam$a2200000$$$4500
001 0087994
005 20240201115414.1
041 0 |a slo 
044 |a SK 
245 1 0 |a Komunikácia ako nástroj marketingového mixu v podniku - návrhy na využitie nových prístupov v marketingovej komunikácii spoločnosti Víno Matyšák, s.r.o.  |b diplomová práca  |c Mária Ptašinská ; škol. Adrián Pavlík 
264 1 |a Bratislava  |c 2008 
300 |a 86 s. 
100 1 |a Ptašinská, Mária 
700 1 |a Pavlík, Adrián 
710 2 |a Obchodná fakulta EU. Katedra služieb a cestovného ruchu - zrušené